000 01013cam a2200337 i 4500
999 _c14015
_d14015
001 vtls000212683
003 NUKAT
005 20180807132328.0
008 030320s1971 pl a f f |000 0 pol c
035 _azz2003854719
039 9 _a201503191113
_bkopub
_c201306140728
_dvapkr
_c201305211300
_dkoppw
_c201304181343
_dvkul
040 _aLUBL U/esz
_cLUBL U/esz
_dLUBL U/esz
_dWA U/98MAPs
100 1 _aWiszniewski, Jerzy
_d(1908-1990).
245 1 0 _aZarys encyklopedii prawa /
_cJerzy Wiszniewski.
250 _aWyd. 8.
260 _aWarszawa :
_bPaństwowe Wydaw. Naukowe,
_c1971.
300 _a484, [1] s. :
_brys. ;
_c24 cm.
650 _aPrawo
_vpodręczniki akademickie.
650 _aPrawo
_zPolska
_y1945-1970
_vpodręczniki akademickie.
942 _2ddc
_cBK
956 _aKR_119
967 _aLUBL_U
983 _aSZCZYT_001